000 01576nam a2200361Ia 4500
001 ebr10256418
003 CaPaEBR
006 m u
007 cr cn|||||||||
008 071207s2007 gw sb 001 0 eng d
020 _z3110200481
020 _z9783110200485
040 _aCaPaEBR
_cCaPaEBR
035 _a(OCoLC)503443358
050 1 4 _aPA6519.M9
_bP374 2007eb
100 1 _aPapaioannou, Sophia.
245 1 0 _aRedesigning Achilles
_h[electronic resource] :
_b"recycling" the epic cycle in the "Little Iliad" : (Ovid, Metamorphoses 12.1-13.622) /
_cby Sophia Papaioannou.
260 _aBerlin :
_bWalter De Gruyter,
_cc2007.
300 _axii, 304 p.
490 1 _aUntersuchungen zur antiken Literatur und Geschichte ;
_vBd. 89
504 _aIncludes bibliographical references and index.
533 _aElectronic reproduction.
_bPalo Alto, Calif. :
_cebrary,
_d2011.
_nAvailable via World Wide Web.
_nAccess may be limited to ebrary affiliated libraries.
600 0 0 _aOvid,
_d43 B.C.-17 or 18 A.D.
_tMetamorphoses.
600 0 0 _aHomer.
_tIliad.
650 0 _aAchilles (Greek mythology) in literature.
650 0 _aTrojan War
_xLiterature and the war.
650 0 _aEpic poetry, Greek
_xHistory and criticism.
650 0 _aEpic poetry, Latin
_xHistory and criticism.
655 7 _aElectronic books.
_2local
710 2 _aebrary, Inc.
830 0 _aUntersuchungen zur antiken Literatur und Geschichte ;
_vBd. 89.
856 4 0 _uhttp://site.ebrary.com/lib/rucke/Doc?id=10256418
_zAn electronic book accessible through the World Wide Web; click to view
999 _c12786
_d12786